ධීවර (විදේශීය ධීවර බෝට්ටු විධිමත් කිරීමේ) (සංශෝධන) : 1979 අංක 59 දරන ධීවර (විදේශීය ධීවර බෝට්ටු විධිමත් කිරීමේ) ...සඳහා වූ පනත් කෙටුම්පතකි.
Saved in:
| Format: | Book |
|---|---|
| Language: | Sinhalese |
| Published: |
කොළඹ :
රජයේ මුද්රණ දෙපාර්තමේන්තුව,
2017.
|
| Series: | (පනත් කෙටුම්පත් ; අංක 219,2017)
|
| Tags: |
Add Tag
No Tags, Be the first to tag this record!
|
MARC
| LEADER | 00000nam a22000007a 4500 | ||
|---|---|---|---|
| 003 | LK-CoNLD | ||
| 005 | 20201211091634.0 | ||
| 008 | 180908b ||||| |||| 00| 0 sin d | ||
| 015 | |2 slnb |a slnb201806 | ||
| 017 | |a 444946 |b LK-CoDNA | ||
| 040 | |a LK-CoNLD |b SIN |c LK-CoNLD |d LK-CoNLD | ||
| 082 | |2 23 |q LK-CoNLD |a 343.076920262 | ||
| 245 | |6 880-1 |a ධීවර (විදේශීය ධීවර බෝට්ටු විධිමත් කිරීමේ) (සංශෝධන) : |b 1979 අංක 59 දරන ධීවර (විදේශීය ධීවර බෝට්ටු විධිමත් කිරීමේ) ...සඳහා වූ පනත් කෙටුම්පතකි. | ||
| 260 | |9 648 |a කොළඹ : |b රජයේ මුද්රණ දෙපාර්තමේන්තුව, |c 2017. | ||
| 300 | |a පි.23. |b කබැ - කක: රු. 40.00. |c සෙමී. 21. | ||
| 490 | |a (පනත් කෙටුම්පත් ; අංක 219,2017) | ||
| 500 | |a Text in Sinhala. | ||
| 505 | |a (ගැසට් පත්රයේ පළ කළේ 2017 නොවැ. 08 වන දින) ... | ||
| 942 | |c PARLBILL | ||
| 999 | |c 215699 |d 215699 | ||